000 00414nam a2200157Ia 4500
008 210716s2008 xx 000 0 und d
020 _a9780761936404
041 _aeng
082 _a658.848 MATU
100 _aMathur, U C.
245 _aInternational marketing management: text and cases.
250 _a1
260 _aLondon
_bSage Publications
_c2008
300 _a1,583
650 _aInternational Marketing
999 _c202508
_d202508